Tributes to the Late Professor Muhammad Iqbal 1894-1948 (Record no. 2384)

MARC details
000 -LEADER
fixed length control field 00593nam a2200241 a 4500
020 ## - INTERNATIONAL STANDARD BOOK NUMBER
ISBN
082 00 - DEWEY DECIMAL CLASSIFICATION NUMBER
Classification number 922.97
Author Cutter RAH
100 ## - MAIN ENTRY--AUTHOR NAME
Author name Rahbar, Daud
245 ## - TITLE STATEMENT
Title Tributes to the Late Professor Muhammad Iqbal 1894-1948
260 ## - PUBLICATION, DISTRIBUTION, ETC. (IMPRINT)
Place of publication Hartford
Name of publisher Hartford Seminary
Year of publication 1964
300 ## - PHYSICAL DESCRIPTION
Number of Pages 116p
500 ## - GENERAL NOTE
General note includes index and biblioraphy
505 2# - FORMATTED CONTENTS NOTE
Formatted contents note Ill
650 ## - SUBJECT ADDED ENTRY--TOPICAL TERM
Topical Term Karma-Marga
942 ## - ADDED ENTRY ELEMENTS (KOHA)
Koha item type Books
700 1# -
-- Rahbar, Daud
Holdings
Collection code Home library Current library Date acquired Cost, normal purchase price Full call number Accession Number Koha item type
  Henry Martyn Institute Library Henry Martyn Institute Library 05/24/2005 117.50 922.97 RAH 02985 Books
                   Copyright © 2026 | Henry Martyn Institute | Hyderabad | TS-500052 | INDIA | Implemented by hmi.edu.in
Hit-Count:

Powered by Koha